| 000 | 00377nam a2200145 a 4500 | ||
|---|---|---|---|
| 008 | 011116s1968||||xx 0 und c | ||
| 040 |
_aSNK _bslo _cSNK _eAACR2 |
||
| 100 | 1 | _aMožajev Andrejevič, Boris | |
| 245 | 1 | 0 | _aZo života Fiodora Kuzkina |
| 260 |
_aBratislava _bSlovenský spisovateľ _c1968 |
||
| 300 | _a139 s. | ||
| 041 | _aslo | ||
| 044 |
_axo _cSK |
||
| 020 | _c11,50 | ||
| 999 |
_c12281 _d12281 |
||